<?xml version="1.0" encoding="UTF-8"?>
<collection xmlns:xsi="http://www.w3.org/2001/XMLSchema-instance" xsi:schemaLocation="http://www.loc.gov/MARC21/slim http://www.loc.gov/standards/marcxml/schema/MARC21slim.xsd" xmlns="http://www.loc.gov/MARC21/slim">
 <record>
  <leader>00000cam a22000004a 4500</leader>
  <controlfield tag="001">UP-1685523046126355147</controlfield>
  <controlfield tag="003">Buklod</controlfield>
  <controlfield tag="005">20200303145919.0</controlfield>
  <controlfield tag="006">aa    r    |||| u|</controlfield>
  <controlfield tag="007">ta</controlfield>
  <controlfield tag="008">200303s2009    xx     d     r    |||| u|</controlfield>
  <datafield tag="020" ind1=" " ind2=" ">
   <subfield code="a">9783131450319 (alk. paper)</subfield>
  </datafield>
  <datafield tag="020" ind1=" " ind2=" ">
   <subfield code="a">3131450312 (alk. paper)</subfield>
  </datafield>
  <datafield tag="035" ind1=" " ind2=" ">
   <subfield code="a">(iLib)UPMNL-00016535530</subfield>
  </datafield>
  <datafield tag="037" ind1=" " ind2=" ">
   <subfield code="a">UMCM0018264 UPMASA-Gift (07-04-17)</subfield>
  </datafield>
  <datafield tag="040" ind1=" " ind2=" ">
   <subfield code="a">MED rda</subfield>
  </datafield>
  <datafield tag="041" ind1="1" ind2=" ">
   <subfield code="a">eng</subfield>
   <subfield code="h">ger</subfield>
  </datafield>
  <datafield tag="050" ind1="0" ind2="0">
   <subfield code="a">RD 599.5 T47</subfield>
   <subfield code="b">G467 2009</subfield>
  </datafield>
  <datafield tag="100" ind1="1" ind2=" ">
   <subfield code="a">Gemsenjaeger, Ernst.</subfield>
  </datafield>
  <datafield tag="240" ind1="1" ind2="0">
   <subfield code="a">Atlas der Schilddr?usenchirurgie.</subfield>
   <subfield code="l">English.</subfield>
  </datafield>
  <datafield tag="245" ind1="1" ind2="0">
   <subfield code="a">Atlas of thyroid surgery</subfield>
   <subfield code="c">Ernst Gemsenjaeger.</subfield>
  </datafield>
  <datafield tag="264" ind1=" " ind2="1">
   <subfield code="a">Stuttgart</subfield>
   <subfield code="a">New York</subfield>
   <subfield code="b">Thieme</subfield>
   <subfield code="c">c2009.</subfield>
  </datafield>
  <datafield tag="300" ind1=" " ind2=" ">
   <subfield code="a">xii, 180 p.</subfield>
   <subfield code="b">ill.</subfield>
   <subfield code="c">28 cm</subfield>
  </datafield>
  <datafield tag="336" ind1=" " ind2=" ">
   <subfield code="a">text</subfield>
   <subfield code="2">rdacontent.</subfield>
  </datafield>
  <datafield tag="337" ind1=" " ind2=" ">
   <subfield code="a">unmediated</subfield>
   <subfield code="2">rdamedia.</subfield>
  </datafield>
  <datafield tag="338" ind1=" " ind2=" ">
   <subfield code="a">volume</subfield>
   <subfield code="2">rdacarrier.</subfield>
  </datafield>
  <datafield tag="504" ind1=" " ind2=" ">
   <subfield code="a">Includes bibliographical references and index.</subfield>
  </datafield>
  <datafield tag="505" ind1="0" ind2=" ">
   <subfield code="a">Notes on positioning the patient -- Basic surgical anatomy -- Incisions; thyroid exposure -- Capsular dissection -- Thyroid hilus : suspensory ligament of Berry ; inferior (recurrent) laryngeal nerve ; parathyroids ; posterior thyroid process (tubercle of Zuckerkandl) -- Further case records with demonstrations of the technique of capsular dissection -- Basic remarks -- Proliferation, clonality, and autonomy of thyroid lesions -- Molecular genetic diagnosis. Gene profiling -- Follicular neoplasia -- Thyroid nodules in surgical practice. Strategy of adequate excision -- Case records : hyperplastic and neoplastic nodules ; functional autonomy ; follicular thyroid carcinoma (FTC) -- Embryological thyroid development and developmental anomalies : clinical aspects -- Total thyroidectomy for benign nodular goiter -- Long-standing solitary nodule -- Further clinical considerations -- Nodules in graves disease -- Nodules in chronic autoimmune thyroiditis (Hashimoto thyroiditis, Hashimoto disease, lymphocytic thyroiditis) -- Papillary thyroid carcinoma -- Anaplastic (undifferentiated) thyroid carcinoma -- Medullary thyroid carcinoma (C-cell carcinoma) -- Concluding remarks.</subfield>
  </datafield>
  <datafield tag="650" ind1=" " ind2="0">
   <subfield code="a">Thyroid gland</subfield>
   <subfield code="x">Surgery</subfield>
   <subfield code="v">Atlases.</subfield>
  </datafield>
  <datafield tag="650" ind1="1" ind2="2">
   <subfield code="a">Thyroid Gland</subfield>
   <subfield code="x">surgery.</subfield>
  </datafield>
  <datafield tag="650" ind1="2" ind2="2">
   <subfield code="a">Endocrine Surgical Procedures</subfield>
   <subfield code="x">methods.</subfield>
  </datafield>
  <datafield tag="655" ind1=" " ind2="2">
   <subfield code="a">Atlases.</subfield>
  </datafield>
  <datafield tag="852" ind1="0" ind2=" ">
   <subfield code="a">UPMNL</subfield>
   <subfield code="b">MED</subfield>
   <subfield code="h">RD 599.5 T47 G467 2009</subfield>
  </datafield>
  <datafield tag="942" ind1=" " ind2=" ">
   <subfield code="a">Book</subfield>
  </datafield>
 </record>
</collection>
